[Event "II Trofeo Perla del Sarcidano A"]
[Site "Laconi ITA"]
[Date "2006.08.06"]
[Round "3"]
[White "Setzu, Francesco"]
[Black "Carta, Francesco"]
[Result "0-1"]
[WhiteElo "1610"]
[BlackElo "1637"]
[PlyCount "84"]
[EventDate "2006.08.05"]

1. d4 Nf6 2. Nf3 e6 3. e3 d5 4. Bd3 c5 5. c3 Nc6 6. Nbd2 c4 7. Bc2 b5 8. a3 Qa5
9. Rb1 Bd6 10. O-O Qc7 11. e4 dxe4 12. Nxe4 Nxe4 13. Bxe4 Bb7 14. Re1 O-O 15.
Bxh7+ Kxh7 16. Ng5+ Kg6 17. Nxe6 fxe6 18. Rxe6+ Kf7 19. d5 Bxh2+ 20. Kh1 Rh8
21. g3 Bxg3+ 22. Kg2 Rh2+ 23. Kf3 Rxf2+ 24. Ke4 Rf4+ 25. Ke3 Qb6+ 26. Kd2 Rf2+
27. Re2 Rxe2+ 28. Qxe2 Qf2 29. Qxf2+ Bxf2 30. Ke2 Bh4 31. dxc6 Bxc6 32. Kf1 Be4
33. Ra1 Bd3+ 34. Kg2 Re8 35. Bf4 g5 36. Bd6 Re2+ 37. Kf3 Ke6 38. Bc5 Kf5 39.
Rg1 Rxb2 40. Bxa7 g4+ 41. Ke3 Re2+ 42. Kd4 Bf2+ 0-1

[Event "II Trofeo Perla del Sarcidano A"]
[Site "Laconi ITA"]
[Date "2006.08.07"]
[Round "4"]
[White "Caredda, Giuseppe"]
[Black "Gromovs, Sergejs"]
[Result "0-1"]
[WhiteElo "1406"]
[BlackElo "2314"]
[PlyCount "78"]
[EventDate "2006.08.05"]

1. e4 c5 2. Nf3 d6 3. d4 cxd4 4. Nxd4 Nf6 5. Nc3 a6 6. f3 e5 7. Nb3 h6 8. Be3
Be6 9. Qd2 b5 10. Nd5 Nbd7 11. O-O-O Bxd5 12. exd5 Nb6 13. Bxb6 Qxb6 14. Na5
Be7 15. Qc3 O-O 16. Nc6 Rfe8 17. Nxe7+ Rxe7 18. Qc6 Qxc6 19. dxc6 d5 20. g3 Rc8
21. Bg2 Rxc6 22. f4 e4 23. Rd4 a5 24. Rhd1 b4 25. b3 g6 26. Kb2 Kg7 27. Rc1
Rec7 28. Bf1 Rc5 29. Kb1 Ng4 30. Rd2 Ne3 31. Be2 d4 32. Bd1 d3 33. Kb2 Nxd1+
34. Rdxd1 Rxc2+ 35. Rxc2 Rxc2+ 36. Kb1 Rc3 37. h4 e3 38. Kb2 e2 39. Re1 d2 0-1

[Event "II Trofeo Perla del Sarcidano A"]
[Site "Laconi ITA"]
[Date "2006.08.07"]
[Round "4"]
[White "Carta, Francesco"]
[Black "Vozza, Augusto"]
[Result "0-1"]
[WhiteElo "1637"]
[BlackElo "1514"]
[PlyCount "82"]
[EventDate "2006.08.05"]

1. e4 c6 2. d4 d5 3. Nc3 g6 4. Bf4 Bg7 5. Qd2 dxe4 6. Nxe4 Qxd4 7. Bd3 Qxb2 8.
Rd1 f5 9. Bc4 Nd7 10. Be6 fxe4 11. Bxd7+ Kf7 12. Ne2 Nf6 13. Bxc8 Raxc8 14. Qa5
Nd5 15. Be3 Qb4+ 16. Qxb4 Nxb4 17. O-O Nxc2 18. Rd7 Ke6 19. Rxb7 Nxe3 20. fxe3
Bh6 21. Nd4+ Kd6 22. Nc2 Rb8 23. Rd1+ Kc5 24. Rdd7 Rxb7 25. Rxb7 Rd8 26. Kf1
Rd2 27. Nd4 Rxa2 28. Rb3 Bxe3 29. Ne6+ Kd6 30. Rxe3 Kxe6 31. Rxe4+ Kf7 32. Rc4
Ra6 33. Ke2 e5 34. Ke3 Ke6 35. Ke4 Rb6 36. g4 a5 37. Rc5 Ra6 38. Rxe5+ Kd7 39.
Rc5 Kd6 40. Kd4 a4 41. Kc4 a3 0-1

[Event "II Trofeo Perla del Sarcidano A"]
[Site "Laconi ITA"]
[Date "2006.08.07"]
[Round "4"]
[White "Dessy, Eugenio"]
[Black "Paulesu, Sebastiano"]
[Result "0-1"]
[WhiteElo "1488"]
[BlackElo "1862"]
[PlyCount "116"]
[EventDate "2006.08.05"]

1. e4 d5 2. exd5 Nf6 3. d4 Nxd5 4. Bc4 Be6 5. Nf3 c6 6. Qe2 g6 7. Nc3 Nxc3 8.
bxc3 Bxc4 9. Qxc4 Bg7 10. Bf4 Nd7 11. O-O O-O 12. Rad1 Nf6 13. Qb3 Qb6 14. Rfe1
e6 15. c4 Qxb3 16. cxb3 Rfd8 17. Be5 Rd7 18. c5 Ne8 19. Bxg7 Kxg7 20. Re4 Rad8
21. h3 Nc7 22. a4 a5 23. Ne5 Rd5 24. Nc4 Rxc5 25. Re5 Rxe5 26. Nxe5 Rd5 27. f4
Kf6 28. Ng4+ Ke7 29. Ne3 Rd8 30. Nc4 Ra8 31. Nb6 Ra6 32. Nc4 Nd5 33. g3 b5 34.
Nb2 Nb4 35. Rc1 Rb6 36. Kg2 h5 37. Kf3 Kd6 38. Rc5 Na6 39. Rg5 Ke7 40. Re5 f6
41. Re1 bxa4 42. Nc4 Rxb3+ 43. Kg2 Kd7 44. Nxa5 Rb4 45. Rc1 Nb8 46. Nc4 Kc7 47.
g4 hxg4 48. hxg4 Nd7 49. Kf3 Rb3+ 50. Ke2 Rg3 51. f5 gxf5 52. gxf5 exf5 53. d5
c5 54. Ra1 Nb6 55. d6+ Kc6 56. Nxb6 Kxb6 57. Rxa4 Kc6 58. Ra6+ Kd7 0-1

[Event "II Trofeo Perla del Sarcidano A"]
[Site "Laconi ITA"]
[Date "2006.08.07"]
[Round "4"]
[White "Fenu, Salvatore"]
[Black "Boi, Fausto"]
[Result "0-1"]
[WhiteElo "1943"]
[BlackElo "1622"]
[PlyCount "70"]
[EventDate "2006.08.05"]

1. e4 d6 2. d4 Nf6 3. Nc3 g6 4. Nf3 Bg7 5. h3 c5 6. dxc5 Qa5 7. Bd2 Qxc5 8. b4
Qxb4 9. Nd5 Qxe4+ 10. Ne3 a6 11. Bd3 Qa4 12. Rb1 O-O 13. O-O Qe8 14. Qc1 b5 15.
c4 e5 16. Re1 Qc6 17. Nd5 Nxd5 18. cxd5 Qxc1 19. Rexc1 Bb7 20. a4 Bxd5 21. Be2
bxa4 22. Bb4 Rd8 23. Rd1 Bb3 24. Rxd6 Rxd6 25. Bxd6 Nc6 26. Rc1 Nd4 27. Nxd4
exd4 28. Bxa6 Bf8 29. Bxf8 Kxf8 30. Bc4 Bxc4 31. Rxc4 a3 32. Rc1 d3 33. Kf1 Re8
34. Rd1 a2 35. g3 d2 0-1

[Event "II Trofeo Perla del Sarcidano A"]
[Site "Laconi ITA"]
[Date "2006.08.07"]
[Round "4"]
[White "Figus, Maurizio"]
[Black "Locci, Damiano"]
[Result "0-1"]
[WhiteElo "1931"]
[BlackElo "1976"]
[PlyCount "68"]
[EventDate "2006.08.05"]

1. e4 g6 2. d4 Bg7 3. Be3 d6 4. Nc3 a6 5. h3 b5 6. Bd3 Nd7 7. f4 Bb7 8. Nf3
Ngf6 9. e5 Nd5 10. Nxd5 Bxd5 11. O-O O-O 12. Qe2 c5 13. c4 bxc4 14. Bxc4 Bxc4
15. Qxc4 cxd4 16. Bxd4 dxe5 17. fxe5 e6 18. b4 Nb6 19. Qe2 Nd5 20. Bc5 Re8 21.
Rac1 Bh6 22. Rc2 Rc8 23. Rd1 Qc7 24. Rd4 Be3+ 25. Kh1 Bxd4 26. Nxd4 Qb7 27. b5
axb5 28. Nxb5 Ne3 29. Bxe3 Rxc2 30. Qxc2 Qxb5 31. Bd4 Qd5 32. Qf2 Rd8 33. Bc3
Rc8 34. Bb2 Qxa2 0-1

[Event "II Trofeo Perla del Sarcidano A"]
[Site "Laconi ITA"]
[Date "2006.08.07"]
[Round "4"]
[White "Ibba, Isacco"]
[Black "Puzzoni, Christian"]
[Result "1-0"]
[WhiteElo "2177"]
[BlackElo "2083"]
[PlyCount "63"]
[EventDate "2006.08.05"]

1. e4 e5 2. Nf3 Nc6 3. Bc4 Nf6 4. d4 exd4 5. e5 d5 6. Bb5 Ne4 7. Nxd4 Bd7 8.
Nb3 Qh4 9. O-O O-O-O 10. g3 Qh3 11. Qxd5 Qxf1+ 12. Bxf1 Bf5 13. Qxf7 g6 14. Bf4
Rd7 15. Qc4 g5 16. f3 gxf4 17. fxe4 Bg4 18. gxf4 Rg7 19. Kf2 Be7 20. Nc3 Rf8
21. Nd5 Bg5 22. Nf6 Nxe5 23. fxe5 Bh4+ 24. Ke3 Bg5+ 25. Kf2 Bh4+ 26. Ke3 Bg5+
27. Kd3 Rd8+ 28. Nd4 Bf3 29. Bh3+ Kb8 30. Nd7+ Ka8 31. Qxc7 Rg6 32. Ne6 1-0

[Event "II Trofeo Perla del Sarcidano A"]
[Site "Laconi ITA"]
[Date "2006.08.07"]
[Round "4"]
[White "Neri, Enzo"]
[Black "Pais, Mario"]
[Result "1-0"]
[WhiteElo "2058"]
[BlackElo "1672"]
[PlyCount "61"]
[EventDate "2006.08.05"]

1. Nf3 d5 2. d4 Nf6 3. Bf4 c6 4. e3 Bg4 5. h3 Bxf3 6. Qxf3 e6 7. Bd3 Bd6 8. O-O
O-O 9. Re1 Qc7 10. Bg5 Nbd7 11. c4 dxc4 12. Bxc4 e5 13. Nc3 exd4 14. exd4 Qb6
15. d5 Qc5 16. Bxf6 Nxf6 17. Bb3 cxd5 18. Nxd5 Nxd5 19. Bxd5 Rab8 20. Rac1 Qb4
21. b3 b6 22. Re4 Qd2 23. Rd1 Qh6 24. Rc4 Be5 25. Re1 Bf6 26. Rc7 Qd2 27. Qe4
Rbd8 28. Bc4 Qxa2 29. Rxf7 Kh8 30. Bd3 g6 31. Rxh7+ 1-0

[Event "II Trofeo Perla del Sarcidano A"]
[Site "Laconi ITA"]
[Date "2006.08.07"]
[Round "4"]
[White "Troiani, Carlo"]
[Black "Altea, Giovanni"]
[Result "0-1"]
[WhiteElo "1619"]
[BlackElo "1731"]
[PlyCount "78"]
[EventDate "2006.08.05"]

1. e4 c5 2. f4 e6 3. Nf3 Qc7 4. d3 Nc6 5. Be2 d6 6. O-O Nf6 7. c3 g6 8. Nbd2
Bg7 9. Nb3 O-O 10. h3 b6 11. Nh4 Bb7 12. f5 c4 13. dxc4 Nxe4 14. fxg6 hxg6 15.
Bf4 Ne5 16. Nd4 Nxc4 17. Nxg6 Nxb2 18. Qb3 Bxd4+ 19. cxd4 fxg6 20. Qxb2 Qc3 21.
Qxc3 Nxc3 22. Bg4 Bd5 23. Bxd6 Rxf1+ 24. Rxf1 Ne4 25. Be5 Rc8 26. h4 Rc2 27.
Bh3 Rxa2 28. g4 Ra3 29. Kh2 Nd2 30. Rf6 Nf3+ 31. Rxf3 Rxf3 32. h5 gxh5 33. gxh5
a5 34. h6 a4 35. Bg4 Rf7 36. Bh5 Rh7 37. Bg7 a3 38. Bg6 Rxg7 39. hxg7 a2 0-1

[Event "II Trofeo Perla del Sarcidano A"]
[Site "Laconi ITA"]
[Date "2006.08.07"]
[Round "4"]
[White "Zuccarelli, Angelo"]
[Black "Pili, Erika"]
[Result "1-0"]
[WhiteElo "1905"]
[BlackElo "1868"]
[PlyCount "47"]
[EventDate "2006.08.05"]

1. e4 e5 2. Nf3 Nc6 3. Bb5 d6 4. d4 Bd7 5. dxe5 dxe5 6. O-O Qe7 7. Nc3 O-O-O 8.
Qe2 f6 9. Be3 a6 10. Bxa6 bxa6 11. Qxa6+ Kb8 12. b4 Be8 13. Rfd1 Nd4 14. Nxd4
exd4 15. Bxd4 Rxd4 16. Rxd4 Nh6 17. Nb5 Bxb5 18. Qxb5+ Kc8 19. Rad1 Nf7 20.
Qa6+ Kb8 21. Rd7 Qe8 22. Rxf7 Qc8 23. Qb5+ Ka7 24. Rdd7 1-0

[Event "II Trofeo Perla del Sarcidano A"]
[Site "Laconi ITA"]
[Date "2006.08.08"]
[Round "5"]
[White "Altea, Giovanni"]
[Black "Fenu, Salvatore"]
[Result "0-1"]
[WhiteElo "1731"]
[BlackElo "1943"]
[PlyCount "102"]
[EventDate "2006.08.05"]

1. c4 e5 2. Nc3 Nc6 3. g3 f5 4. Bg2 Nf6 5. e3 d6 6. Nge2 Be7 7. O-O O-O 8. a3
Qe8 9. d3 Qh5 10. Nd5 Nxd5 11. cxd5 Nb8 12. Bd2 Nd7 13. Rc1 Bd8 14. Nc3 Qxd1
15. Rfxd1 Nf6 16. Nb5 Rf7 17. Rc2 Bd7 18. Nc3 c5 19. Rdc1 Ba5 20. Nb1 Bxd2 21.
Nxd2 Bb5 22. d4 exd4 23. exd4 cxd4 24. Nc4 d3 25. Rd2 Rc8 26. b3 Bxc4 27. bxc4
Rfc7 28. Rxd3 Rxc4 29. Rxc4 Rxc4 30. h4 Rc1+ 31. Bf1 Ne4 32. Kg2 Rc2 33. Rf3 g6
34. Bd3 Rd2 35. Bxe4 fxe4 36. Re3 Rxd5 37. Rxe4 Kf7 38. Rc4 Rc5 39. Rd4 Ke6 40.
Re4+ Re5 41. Rc4 Kd7 42. Kf3 b5 43. Rf4 Rf5 44. Rxf5 gxf5 45. Kf4 Ke6 46. f3 a5
47. Ke3 Ke5 48. Kd3 Kd5 49. g4 fxg4 50. fxg4 Ke5 51. g5 Kf5 0-1

[Event "II Trofeo Perla del Sarcidano A"]
[Site "Laconi ITA"]
[Date "2006.08.08"]
[Round "5"]
[White "Locci, Damiano"]
[Black "Boi, Fausto"]
[Result "1-0"]
[WhiteElo "1976"]
[BlackElo "1622"]
[PlyCount "55"]
[EventDate "2006.08.05"]

1. e4 d6 2. d4 Nf6 3. Nc3 g6 4. f3 c6 5. Be3 Bg7 6. Qd2 O-O 7. g4 Re8 8. O-O-O
Qa5 9. h4 Na6 10. Bg5 Nd7 11. h5 f6 12. Bh6 g5 13. Bxg7 Kxg7 14. Nh3 h6 15. f4
Nb6 16. fxg5 fxg5 17. d5 cxd5 18. exd5 Nb4 19. a3 N4xd5 20. Nxd5 Qxd2+ 21. Rxd2
Nxd5 22. Rxd5 Bxg4 23. Bg2 Bxh5 24. Nxg5 Kg6 25. Be4+ Kf6 26. Nh7+ Kg7 27.
Rdxh5 Rad8 28. Rg1+ 1-0

[Event "II Trofeo Perla del Sarcidano A"]
[Site "Laconi ITA"]
[Date "2006.08.08"]
[Round "5"]
[White "Pais, Mario"]
[Black "Setzu, Francesco"]
[Result "1-0"]
[WhiteElo "1672"]
[BlackElo "1610"]
[PlyCount "55"]
[EventDate "2006.08.05"]

1. e4 c6 2. d4 d5 3. exd5 cxd5 4. Bd3 Nf6 5. Bf4 Nc6 6. c3 e6 7. Nf3 Bd6 8.
Bxd6 Qxd6 9. O-O a6 10. Re1 O-O 11. Ne5 Ne7 12. Re3 Bd7 13. Nd2 Ng6 14. Bxg6
hxg6 15. Qf3 Nh7 16. Rae1 Be8 17. Qg4 Qd8 18. f4 Qf6 19. Ndf3 Qf5 20. Qg3 Qf6
21. Ng5 Qf5 22. Nxh7 Kxh7 23. Qh4+ Qh5 24. Qe7 Kg8 25. Rh3 Qf5 26. Ree3 Qf6 27.
Rh8+ Kxh8 28. Qxf8+ 1-0

[Event "II Trofeo Perla del Sarcidano A"]
[Site "Laconi ITA"]
[Date "2006.08.08"]
[Round "5"]
[White "Pili, Erika"]
[Black "Caredda, Giuseppe"]
[Result "0-1"]
[WhiteElo "1868"]
[BlackElo "1406"]
[PlyCount "58"]
[EventDate "2006.08.05"]

1. e4 c5 2. f4 d6 3. Nf3 Nc6 4. Be2 e6 5. O-O Be7 6. d3 Bd7 7. c3 Qc7 8. Be3
Nf6 9. Kh1 Ng4 10. Bg1 O-O-O 11. Nbd2 h5 12. a3 Rdg8 13. b4 b6 14. Qb3 g5 15.
fxg5 Bxg5 16. Nxg5 Rxg5 17. Rxf7 Nce5 18. Rff1 Rhg8 19. d4 Ng6 20. Nf3 Qd8 21.
bxc5 dxc5 22. Ba6+ Kc7 23. Nxg5 Qxg5 24. Rf3 Nf4 25. dxc5 Nxh2 26. cxb6+ Kd8
27. Rf2 Qh4 28. Bxh2 Qxf2 29. Rg1 Rxg2 0-1

[Event "II Trofeo Perla del Sarcidano A"]
[Site "Laconi ITA"]
[Date "2006.08.08"]
[Round "5"]
[White "Troiani, Carlo"]
[Black "Dessy, Eugenio"]
[Result "0-1"]
[WhiteElo "1619"]
[BlackElo "1488"]
[PlyCount "110"]
[EventDate "2006.08.05"]

1. e4 e5 2. Nf3 Nc6 3. Bc4 Nf6 4. d3 Bc5 5. O-O d6 6. a3 Bg4 7. b4 Bb6 8. h3
Bh5 9. Be3 Bxe3 10. fxe3 O-O 11. Nc3 Ne7 12. Rf2 c6 13. Ne2 Qc7 14. Ng3 Bg6 15.
Nh4 d5 16. Nxg6 Nxg6 17. exd5 cxd5 18. Ba2 e4 19. dxe4 Qxg3 20. exd5 Qxe3 21.
Qf3 Qxf3 22. Rxf3 b5 23. Re1 Rfe8 24. Rd1 Rac8 25. Bb3 Ne5 26. Rf5 Nc4 27. Bxc4
Rxc4 28. Rd2 Nd7 29. d6 Rce4 30. Rxb5 Nb6 31. Rc5 Rd8 32. d7 Re7 33. Rc7 Rexd7
34. Rdxd7 Rxd7 35. Rxd7 Nxd7 36. Kf2 Ne5 37. Ke2 Kf8 38. a4 Ke7 39. Ke3 Kd6 40.
Kd4 Nc6+ 41. Kc4 a6 42. b5 axb5+ 43. axb5 Na5+ 44. Kb4 Nb7 45. c4 f5 46. Kc3 h5
47. Kd4 g6 48. Kd3 h4 49. Kd4 g5 50. Kd3 Nc5+ 51. Kc3 g4 52. hxg4 fxg4 53. Kd4
h3 54. gxh3 gxh3 55. b6 h2 0-1

[Event "II Trofeo Perla del Sarcidano A"]
[Site "Laconi ITA"]
[Date "2006.08.08"]
[Round "5"]
[White "Vozza, Augusto"]
[Black "Paulesu, Sebastiano"]
[Result "0-1"]
[WhiteElo "1514"]
[BlackElo "1862"]
[PlyCount "94"]
[EventDate "2006.08.05"]

1. e4 d5 2. exd5 Nf6 3. d4 Bg4 4. f3 Bf5 5. Bd3 Bxd3 6. Qxd3 Qxd5 7. c4 Qd7 8.
Ne2 e6 9. a3 a5 10. Nbc3 c6 11. Na4 Ra6 12. Bf4 Bd6 13. Bxd6 Qxd6 14. Rd1 O-O
15. O-O Rd8 16. Nac3 Nbd7 17. Ne4 Qe7 18. Qb3 b6 19. Qa4 Nxe4 20. fxe4 Qd6 21.
e5 Qc7 22. Qb3 Nf8 23. Rf2 Rd7 24. Rdf1 Ra8 25. Qg3 Rad8 26. Nf4 Rxd4 27. Nh5
Ng6 28. Rxf7 Qxf7 29. Rxf7 Kxf7 30. Qf2+ Rf4 31. Qe2 Rf5 32. h3 Kg8 33. Ng3
Rxe5 34. Qf3 Ne7 35. Qf4 Ng6 36. Qf3 Re1+ 37. Kh2 Red1 38. Qxc6 R1d6 39. Qc7
R8d7 40. Qc8+ Nf8 41. Qa8 Rd2 42. Qc6 Rxb2 43. Ne4 h6 44. c5 bxc5 45. Nxc5 Rc2
46. Qb5 Rd5 47. Qxa5 Rdxc5 0-1

[Event "II Trofeo Perla del Sarcidano A"]
[Site "Laconi ITA"]
[Date "2006.08.08"]
[Round "5"]
[White "Zuccarelli, Angelo"]
[Black "Neri, Enzo"]
[Result "0-1"]
[WhiteElo "1905"]
[BlackElo "2058"]
[PlyCount "90"]
[EventDate "2006.08.05"]

1. e4 c5 2. Nf3 a6 3. d4 cxd4 4. Nxd4 Nf6 5. Nc3 e5 6. Nb3 Bb4 7. Bd3 d5 8.
exd5 e4 9. Be2 Nxd5 10. Bd2 Nxc3 11. bxc3 Be7 12. Be3 Qc7 13. Bd4 O-O 14. O-O
Be6 15. f3 exf3 16. Bxf3 Nd7 17. Be4 f5 18. Bd3 Bd6 19. Qh5 g6 20. Qh6 Ne5 21.
Rae1 Ng4 22. Qg7+ Qxg7 23. Bxg7 Bxh2+ 24. Kh1 Rfe8 25. Rxe6 Rxe6 26. Bc4 Kxg7
27. Bxe6 b6 28. Nd4 Be5 29. Re1 Kf6 30. Bb3 Rc8 31. Ne2 Rd8 32. g3 Nf2+ 33. Kg2
Ne4 34. c4 Rd2 35. Kf3 g5 36. g4 Nc5 37. gxf5 Kxf5 38. Ng3+ Bxg3 39. Kxg3 Ne4+
40. Kf3 g4+ 41. Ke3 Rf2 42. Rh1 Rf3+ 43. Kd4 g3 44. Rxh7 g2 45. Rf7+ Kg4 0-1

[Event "II Trofeo Perla del Sarcidano A"]
[Site "Laconi ITA"]
[Date "2006.08.08"]
[Round "6"]
[White "Altea, Giovanni"]
[Black "Setzu, Francesco"]
[Result "1-0"]
[WhiteElo "1731"]
[BlackElo "1610"]
[PlyCount "145"]
[EventDate "2006.08.05"]

1. c4 c6 2. Nf3 Nf6 3. Nc3 d6 4. g3 g6 5. Bg2 Bg7 6. O-O O-O 7. d3 Na6 8. Bd2
Nc7 9. Qc1 Re8 10. Rb1 Rb8 11. b4 Bd7 12. a4 b6 13. Nd4 d5 14. cxd5 cxd5 15. b5
e6 16. Bg5 Qc8 17. Na2 a6 18. Nc6 Ra8 19. Nab4 a5 20. Na2 Bxc6 21. Qxc6 Re7 22.
Rbc1 Ra7 23. Be3 Qb7 24. Qxb7 Rxb7 25. Rc6 Nd7 26. Rfc1 d4 27. Bxd4 Bxd4 28.
Rxc7 Rxc7 29. Rxc7 Bf6 30. Rc4 e5 31. Nc3 Nc5 32. Nd5 Re6 33. Nxb6 Nxd3 34. Rc6
Nb4 35. Rxe6 fxe6 36. Nd7 Be7 37. b6 Bd6 38. b7 Na6 39. e3 Kf7 40. Nb6 Ke8 41.
Nc4 Bc7 42. Bc6+ Kd8 43. Kg2 Nb8 44. Be4 Na6 45. Kf3 Ke7 46. Bc6 Kf6 47. Bb5
Nb8 48. Ke4 h6 49. f4 exf4 50. exf4 g5 51. fxg5+ hxg5 52. h4 Bxg3 53. hxg5+
Kxg5 54. Nxa5 Bc7 55. Nc4 Kf6 56. a5 Ke7 57. a6 Nxa6 58. Bxa6 Kd8 59. Bb5 Bb8
60. Kd4 Kc7 61. Ba6 Kc6 62. Kc3 Kc5 63. Kb3 e5 64. Ka4 e4 65. Ka5 Kd4 66. Kb6
e3 67. Na5 Kc3 68. Nc6 Bd6 69. Nd8 Bb8 70. Kc6 Kd2 71. Kd7 e2 72. Bxe2 Kxe2 73.
Kc8 1-0

[Event "II Trofeo Perla del Sarcidano A"]
[Site "Laconi ITA"]
[Date "2006.08.08"]
[Round "6"]
[White "Boi, Fausto"]
[Black "Puzzoni, Christian"]
[Result "0-1"]
[WhiteElo "1622"]
[BlackElo "2083"]
[PlyCount "36"]
[EventDate "2006.08.05"]

1. Nf3 Nc6 2. c4 e5 3. d3 f5 4. g3 Nf6 5. Bg2 Bc5 6. O-O O-O 7. Nxe5 Nxe5 8. d4
Bxd4 9. Qxd4 d6 10. Bg5 h6 11. Bh4 g5 12. f4 Nf7 13. fxg5 hxg5 14. Bxg5 Nxg5
15. Qh4 Ng4 16. Bd5+ Kg7 17. Rf4 Rh8 18. Rxg4 fxg4 0-1

[Event "II Trofeo Perla del Sarcidano A"]
[Site "Laconi ITA"]
[Date "2006.08.08"]
[Round "6"]
[White "Carta, Francesco"]
[Black "Figus, Maurizio"]
[Result "0-1"]
[WhiteElo "1637"]
[BlackElo "1931"]
[PlyCount "36"]
[EventDate "2006.08.05"]

1. e4 c5 2. Nf3 Nc6 3. d4 cxd4 4. Nxd4 Nf6 5. Nc3 e5 6. Ndb5 d6 7. a4 a6 8. Na3
Be6 9. Bg5 Be7 10. Qd2 O-O 11. Bc4 Nxe4 12. Nxe4 d5 13. Bxe7 Nxe7 14. Ng5 dxc4
15. Nxe6 fxe6 16. Nxc4 Qd4 17. Qe3 Qxc4 18. Qxe5 Rf5 0-1

[Event "II Trofeo Perla del Sarcidano A"]
[Site "Laconi ITA"]
[Date "2006.08.08"]
[Round "6"]
[White "Dessy, Eugenio"]
[Black "Pais, Mario"]
[Result "1/2-1/2"]
[WhiteElo "1488"]
[BlackElo "1672"]
[PlyCount "50"]
[EventDate "2006.08.05"]

1. e4 d5 2. exd5 Nf6 3. d4 Bg4 4. f3 Bf5 5. Bb5+ Nbd7 6. c4 a6 7. Ba4 b5 8.
cxb5 Nxd5 9. bxa6 Rxa6 10. Ne2 e6 11. O-O Bd6 12. Bxd7+ Qxd7 13. Nbc3 O-O 14.
Nxd5 exd5 15. Bf4 Be7 16. Rc1 Rxa2 17. Rxc7 Qe6 18. Ng3 Rxb2 19. Nxf5 Qxf5 20.
Bc1 Bd6 21. Rc6 Ba3 22. Bxb2 Bxb2 23. Qc2 Bxd4+ 24. Kh1 Qxc2 25. Rxc2 Be3
1/2-1/2

[Event "II Trofeo Perla del Sarcidano A"]
[Site "Laconi ITA"]
[Date "2006.08.08"]
[Round "6"]
[White "Fenu, Salvatore"]
[Black "Zuccarelli, Angelo"]
[Result "1/2-1/2"]
[WhiteElo "1943"]
[BlackElo "1905"]
[PlyCount "80"]
[EventDate "2006.08.05"]

1. e4 e5 2. d4 exd4 3. Nf3 Nf6 4. Bc4 Nc6 5. O-O d5 6. exd5 Nxd5 7. Re1+ Be7 8.
Nxd4 Nb6 9. Bb5 Bd7 10. Bxc6 Bxc6 11. Qe2 Bd7 12. Bg5 f6 13. Bf4 Nc8 14. Nc3
O-O 15. Qc4+ Kh8 16. Bxc7 Qe8 17. Rad1 Qg6 18. Nd5 Qf7 19. Ne3 Qxc4 20. Nxc4 b5
21. Ne3 Bc5 22. Nb3 Bxe3 23. Rxd7 Nb6 24. Bxb6 Bxb6 25. Ree7 Rfe8 26. Kf1 Rxe7
27. Rxe7 Rd8 28. Ke2 Kg8 29. Nc1 Kf8 30. Re4 Kf7 31. Nd3 Rc8 32. c3 Rd8 33. Nb4
Rd6 34. Nc2 g6 35. Nd4 Rd5 36. Kd3 Rd6 37. f4 Rd5 38. g4 Bc7 39. Re2 Bxf4 40.
h4 Be5 1/2-1/2

[Event "II Trofeo Perla del Sarcidano A"]
[Site "Laconi ITA"]
[Date "2006.08.08"]
[Round "6"]
[White "Ljubisavljevic, Zivojin Z."]
[Black "Ibba, Isacco"]
[Result "1-0"]
[WhiteElo "2290"]
[BlackElo "2177"]
[PlyCount "101"]
[EventDate "2006.08.05"]

1. e4 d5 2. exd5 Qxd5 3. Nc3 Qa5 4. d4 Nf6 5. Bc4 Bf5 6. Nge2 e6 7. O-O Be7 8.
Bb3 c6 9. Bd2 O-O 10. Nd5 Qd8 11. Nxe7+ Qxe7 12. Ng3 Bg6 13. f4 Na6 14. Qe2 Qd7
15. c3 c5 16. Be3 h5 17. d5 Nxd5 18. f5 exf5 19. Rad1 Nac7 20. Bxc5 Rfe8 21.
Qf3 Qc6 22. Bd4 Ne7 23. Qf4 Ne6 24. Qh4 f4 25. Rxf4 Nxf4 26. Qxf4 h4 27. Rf1
Nd5 28. Qxh4 Ne3 29. Rf2 Nf5 30. Rxf5 Bxf5 31. Nxf5 Qg6 32. Ne7+ Rxe7 33. Qxe7
Qb1+ 34. Kf2 Qf5+ 35. Ke2 Rf8 36. h3 Qb5+ 37. Kf2 Qf5+ 38. Kg1 b6 39. Qe2 Qf4
40. Qf2 Qg5 41. Kh2 Qg6 42. Qg3 Qh6 43. Qe5 Qg6 44. Bd5 Kh8 45. c4 f6 46. Qe7
Re8 47. Qxa7 Qf5 48. Qc7 Kh7 49. Qg3 g5 50. Qf3 Qd7 51. Qh5+ 1-0

[Event "II Trofeo Perla del Sarcidano A"]
[Site "Laconi ITA"]
[Date "2006.08.08"]
[Round "6"]
[White "Locci, Damiano"]
[Black "Gromovs, Sergejs"]
[Result "0-1"]
[WhiteElo "1976"]
[BlackElo "2314"]
[PlyCount "48"]
[EventDate "2006.08.05"]

1. e4 c5 2. Nc3 Nc6 3. f4 g6 4. Nf3 Bg7 5. Bb5 Nd4 6. O-O Nxb5 7. Nxb5 a6 8.
Na3 d6 9. c3 Nf6 10. d3 O-O 11. Nc2 b5 12. Kh1 Bb7 13. e5 Nd5 14. d4 Qd7 15.
Qe1 Qf5 16. Ne3 Nxe3 17. Bxe3 cxd4 18. cxd4 Rac8 19. Rc1 Rxc1 20. Bxc1 Rc8 21.
Be3 Rc2 22. Qb1 Be4 23. Nh4 Qg4 24. Rf2 Rxf2 0-1

[Event "II Trofeo Perla del Sarcidano A"]
[Site "Laconi ITA"]
[Date "2006.08.08"]
[Round "6"]
[White "Paulesu, Sebastiano"]
[Black "Caredda, Giuseppe"]
[Result "1-0"]
[WhiteElo "1862"]
[BlackElo "1406"]
[PlyCount "183"]
[EventDate "2006.08.05"]

1. e4 c5 2. b4 cxb4 3. a3 e6 4. axb4 Bxb4 5. c3 Be7 6. d4 a6 7. Bd3 d6 8. Ne2
Nf6 9. Ng3 Bd7 10. O-O O-O 11. f4 Nc6 12. e5 dxe5 13. fxe5 Ne8 14. Qh5 g6 15.
Qh6 Ng7 16. Ne4 Nf5 17. Rxf5 exf5 18. Ng5 Bxg5 19. Bxg5 f6 20. Bc4+ Kh8 21.
exf6 Rxf6 22. Nd2 Qf8 23. Re1 Rd6 24. Qh4 Re8 25. Rxe8 Bxe8 26. d5 b5 27. dxc6
Rxc6 28. Bd5 Qc5+ 29. Qd4+ Qxd4+ 30. cxd4 Rd6 31. Bb3 Kg7 32. Bf4 Rd7 33. Be6
Ra7 34. Be5+ Kh6 35. h4 Kh5 36. g3 Bf7 37. Bxf7 Rxf7 38. Nb3 Ra7 39. Na5 Kg4
40. Kg2 Ra8 41. Nc6 Rc8 42. d5 Ra8 43. d6 a5 44. d7 a4 45. d8=Q Rxd8 46. Nxd8
b4 47. Nc6 b3 48. Bb2 f4 49. Ne5+ Kf5 50. Nd3 fxg3 51. Kxg3 h6 52. Nc5 g5 53.
hxg5 hxg5 54. Nxa4 Kg6 55. Nc5 Kh5 56. Nxb3 Kg6 57. Kg4 Kh6 58. Nc5 Kg6 59. Nd3
Kh6 60. Bc1 Kg6 61. Bxg5 Kf7 62. Kf5 Ke8 63. Nc5 Kf7 64. Bf6 Ke8 65. Ke6 Kf8
66. Nd7+ Ke8 67. Bg7 Kd8 68. Be5 Kc8 69. Nc5 Kd8 70. Kd6 Kc8 71. Kc6 Kd8 72.
Bf6+ Kc8 73. Ne6 Kb8 74. Bd4 Ka8 75. Nc7+ Kb8 76. Bc5 Kc8 77. Ba7 Kd8 78. Nd5
Kc8 79. Ne7+ Kd8 80. Kd6 Ke8 81. Ke6 Kd8 82. Bb6+ Ke8 83. Bc7 Kf8 84. Nf5 Ke8
85. Ng7+ Kf8 86. Kf6 Kg8 87. Kg6 Kf8 88. Bd6+ Kg8 89. Nf5 Kh8 90. Bc5 Kg8 91.
Nh6+ Kh8 92. Bd4# 1-0

[Event "II Trofeo Perla del Sarcidano A"]
[Site "Laconi ITA"]
[Date "2006.08.08"]
[Round "6"]
[White "Pili, Erika"]
[Black "Vozza, Augusto"]
[Result "1/2-1/2"]
[WhiteElo "1868"]
[BlackElo "1514"]
[PlyCount "40"]
[EventDate "2006.08.05"]

1. e4 c6 2. d4 d5 3. exd5 cxd5 4. Nf3 Bg4 5. Be2 Bxf3 6. Bxf3 e6 7. O-O Ne7 8.
c4 Nbc6 9. Nc3 dxc4 10. Re1 Qxd4 11. Qa4 Qb6 12. Nb5 Nf5 13. Bf4 Rc8 14. Qxc4
Be7 15. g4 a6 16. Nc7+ Rxc7 17. gxf5 e5 18. Be3 Nd4 19. Bxd4 exd4 20. Qa4+ Qb5
1/2-1/2

[Event "II Trofeo Perla del Sarcidano A"]
[Site "Laconi ITA"]
[Date "2006.08.09"]
[Round "7"]
[White "Caredda, Giuseppe"]
[Black "Fenu, Salvatore"]
[Result "0-1"]
[WhiteElo "1406"]
[BlackElo "1943"]
[PlyCount "54"]
[EventDate "2006.08.05"]

1. e4 c5 2. Nf3 Nc6 3. d4 cxd4 4. Nxd4 Nf6 5. Nc3 e5 6. Ndb5 d6 7. Bg5 a6 8.
Na3 b5 9. Bxf6 gxf6 10. Nd5 f5 11. Bd3 Be6 12. c3 Bg7 13. O-O O-O 14. Nc2 fxe4
15. Bxe4 f5 16. Bf3 e4 17. Bh5 Ra7 18. Nf4 Bc4 19. Re1 Be5 20. Nd5 Rg7 21. f4
exf3 22. Qxf3 Qh4 23. Rxe5 Nxe5 24. Qd1 Nd3 25. Qf3 Rg5 26. b3 Ne5 27. Ne7+ Kh8
0-1